[Event "GER-ch U25-B"]
[Site "Willingen"]
[Date "2019.06.12"]
[Round "5"]
[White "Lohrmann, Linus"]
[Black "Kung, Fanny"]
[Result "1-0"]
[WhiteElo "1366"]
[BlackElo "1510"]
[PlyCount "91"]
[EventDate "2019.06.08"]
[EventType "swiss"]
[EventRounds "9"]
[EventCountry "GER"]
[SourceTitle "CBM 191 Extra"]
[Source "ChessBase"]
[SourceDate "2019.09.30"]
[SourceVersion "1"]
[SourceVersionDate "2019.09.30"]
[SourceQuality "1"]

1. e4 d5 2. exd5 Qxd5 3. Nc3 Qd6 4. d4 Nf6 5. Nf3 a6 6. g3 Bg4 7. Bg2 Nc6 8. 0-0 e6 9. Bf4 Qd7 10. Re1 Be7 11. Be5 0-0 12. Bxf6 Bxf6 13. d5 exd5 14. Nxd5 Qd6 15. Qd3 Rad8 16. Nxf6+ Qxf6 17. Qe4 Bf5 18. Qc4 g6 19. Nh4 Be6 20. Qc5 Rd6 21. c3 Rfd8 22. a4 b6 23. Qe3 Rd3 24. Qc1 Na5 25. Be4 Rd2 26. Nf3 R2d6 27. Qe3 Nc4 28. Qe2 c5 29. b3 Nd2 30. Nxd2 Rxd2 31. Qe3 Bxb3 32. Bf3 Rb2 33. a5 b5 34. Bd1 c4 35. Bxb3 Rxb3 36. Rad1 Rxd1 37. Rxd1 Rxc3 38. Qb6 Qe6 39. Rd8+ Kg7 40. Qd4+ Qf6 41. Rg8+ Kxg8 42. Qxf6 Rc1+ 43. Kg2 c3 44. Qxa6 c2 45. Qc8+ Kg7 46. h3 1-0

[Event "GER-ch U25-B"]
[Site "Willingen"]
[Date "2019.06.09"]
[Round "1"]
[White "Ebeling, Gereon"]
[Black "Lohrmann, Linus"]
[Result "1-0"]
[WhiteElo "1588"]
[BlackElo "1366"]
[PlyCount "115"]
[EventDate "2019.06.08"]
[EventType "swiss"]
[EventRounds "9"]
[EventCountry "GER"]
[SourceTitle "CBM 191 Extra"]
[Source "ChessBase"]
[SourceDate "2019.09.30"]
[SourceVersion "1"]
[SourceVersionDate "2019.09.30"]
[SourceQuality "1"]

1. e4 e5 2. Nf3 Nc6 3. c3 Nf6 4. d4 Nxe4 5. d5 Bc5 6. Be3 Ne7 7. Bxc5 Nxc5 8. Nxe5 d6 9. Bb5+ Nd7 10. Bxd7+ Bxd7 11. Nc4 Bb5 12. Ne3 Ng6 13. c4 Bd7 14. Nd2 0-0 15. Nf3 Re8 16. 0-0 Qf6 17. Qd4 Ne5 18. Nxe5 Rxe5 19. f4 Rf5 20. Nxf5 Qxf5 21. Rae1 Qg6 22. Qe4 Qf6 23. b3 h6 24. Qf3 c5 25. Qd3 a6 26. Rf2 b5 27. g3 b4 28. Rfe2 Rd8 29. Re7 Be6 30. Ra7 Bf5 31. Qd2 h5 32. Rxa6 h4 33. a3 Qg6 34. Qf2 Bc2 35. axb4 Bxb3 36. bxc5 Bxc4 37. Rxd6 Rxd6 38. cxd6 hxg3 39. Qxg3 Qxd6 40. Re8+ Kh7 41. Qh4+ Qh6 42. Qxh6+ Kxh6 43. d6 Be6 44. Rxe6+ fxe6 45. d7 Kg6 46. d8Q Kf7 47. Qg5 g6 48. h4 Kg7 49. Kf2 Kf7 50. h5 gxh5 51. Qxh5+ Kf6 52. Qe5+ Ke7 53. f5 Kf7 54. Qxe6+ Kf8 55. Qd7 Kg8 56. Qe7 Kh8 57. f6 Kg8 58. Qg7# 1-0

[Event "Baden-ch U1400"]
[Site "Walldorf"]
[Date "2017.07.28"]
[Round "3"]
[White "Lohrmann, Linus"]
[Black "Lorch, Stephan"]
[Result "0-1"]
[WhiteElo "1362"]
[BlackElo "1327"]
[PlyCount "116"]
[EventDate "2017.07.26"]
[EventType "swiss"]
[EventRounds "7"]
[EventCountry "GER"]
[SourceTitle "EXT 2018"]
[Source "ChessBase"]
[SourceDate "2017.10.13"]
[SourceVersion "1"]
[SourceVersionDate "2017.10.13"]
[SourceQuality "1"]

1. e4 c5 2. Nf3 Nc6 3. d4 cxd4 4. Nxd4 e5 5. Nxc6 bxc6 6. Bc4 Nf6 7. Nc3 Be7 8. Bg5 0-0 9. Qf3 h6 10. Bxf6 Bxf6 11. 0-0-0 Qb6 12. g3 Rb8 13. Bb3 Be7 14. h4 d6 15. g4 Be6 16. g5 hxg5 17. hxg5 Bxg5+ 18. Kb1 Bxb3 19. cxb3 Qd8 20. Rdg1 f6 21. Qf5 Qe8 22. Qh7+ Kf7 23. Rh4 Qe6 24. Rhg4 Rh8 25. Qf5 Qxf5 26. exf5 Rh4 27. Ne4 Rxg4 28. Rxg4 Rd8 29. Nxg5+ fxg5 30. Rxg5 Kf6 31. Rg6+ Kf7 32. Re6 a5 33. a3 c5 34. a4 e4 35. Kc2 g5 36. Rxe4 Kf6 37. Rg4 Kxf5 38. f3 Re8 39. Kd2 Rb8 40. Kc3 Rb4 41. Rg3 Kf4 42. Rg4+ Kf5 43. Rg3 d5 44. Kc2 Rh4 45. Rg2 Kf4 46. Kc3 Rh3 47. Rd2 Rxf3+ 48. Kc2 d4 49. Kb1 g4 50. Rc2 g3 51. Ka2 d3 52. Rxc5 g2 53. Rxa5 g1Q 54. Ra8 d2 55. Rf8+ Ke3 56. Re8+ Kf2 57. Ka3 d1Q 58. Re6 Qxb3# 0-1

[Event "GER-ch U25-B"]
[Site "Willingen"]
[Date "2017.06.04"]
[Round "2"]
[White "Sohr, Jim"]
[Black "Lohrmann, Linus"]
[Result "0-1"]
[WhiteElo "1205"]
[BlackElo "1343"]
[PlyCount "82"]
[EventDate "2017.06.04"]
[EventType "swiss"]
[EventRounds "9"]
[EventCountry "GER"]
[SourceTitle "CBM 178 Extra"]
[Source "ChessBase"]
[SourceDate "2017.06.22"]
[SourceVersion "1"]
[SourceVersionDate "2017.06.22"]
[SourceQuality "1"]

1. e4 e5 2. Nf3 Nc6 3. Bb5 Bc5 4. Nc3 d6 5. d3 h6 6. 0-0 Nf6 7. Qe2 Bd7 8. Be3 Bxe3 9. Qxe3 Ng4 10. Qe2 a6 11. Bxc6 Bxc6 12. Rad1 Qd7 13. d4 b5 14. dxe5 b4 15. h3 bxc3 16. bxc3 Qe6 17. hxg4 Bb5 18. Nd4 Bxe2 19. Nxe6 fxe6 20. exd6 cxd6 21. Rxd6 Bxf1 22. Kxf1 Ke7 23. Rd3 Rhd8 24. Ke2 Rxd3 25. cxd3 Rb8 26. Ke3 Rb2 27. g3 Rxa2 28. f4 Rb2 29. f5 a5 30. Kd4 a4 31. Ke5 Rb5+ 32. Kd4 a3 33. c4 a2 34. cxb5 a1Q+ 35. Kc5 Qc3+ 36. Kb6 exf5 37. gxf5 Qxd3 38. Ka6 Qxe4 39. b6 Qa8+ 40. Kb5 Qb7 41. g4 Kd6 0-1

[Event "Baden-ch U10"]
[Site "Ettlingen"]
[Date "2014.01.03"]
[Round "2"]
[White "Lohrmann, Linus"]
[Black "Wu, Leon"]
[Result "0-1"]
[WhiteElo "867"]
[BlackElo "1371"]
[PlyCount "66"]
[EventDate "2014.01.??"]
[EventType "swiss"]
[EventRounds "7"]
[EventCountry "GER"]
[SourceTitle "EXT 2022"]
[Source "ChessBase"]
[SourceDate "2021.10.06"]
[SourceVersion "1"]
[SourceVersionDate "2021.10.06"]
[SourceQuality "1"]

1. e4 e5 2. Nf3 Nc6 3. Nc3 Bc5 4. Bc4 Nf6 5. 0-0 0-0 6. d3 h6 7. Nh4 d6 8. Ng6 Re8 9. Nh4 Bg4 10. Qd2 Na5 11. Bd5 c6 12. Bc4 b5 13. Bb3 Nxb3 14. axb3 d5 15. exd5 Nxd5 16. Nxd5 cxd5 17. g3 Bh3 18. Re1 Be7 19. Nf3 Bd6 20. Qd1 Qf6 21. Ra6 Re6 22. Kh1 Bg4 23. Rxd6 Bxf3+ 24. Kg1 Bxd1 25. Rxd1 Rxd6 26. h4 e4 27. dxe4 dxe4 28. Rxd6 Qxd6 29. f4 Qd1+ 30. Kh2 Qf3 31. Kg1 Rd8 32. Kh2 Rd1 33. Kh3 Rh1# 0-1